| 000 | 00000nam##2200000za#4500 |
| 001 | 9.626916 |
| 003 | CaOODSP |
| 005 | 20210615104822 |
| 007 | ta |
| 008 | 150406|2005||||xxc||||| f|0| 0 fre|d |
| 020 | |a0-662-89525-8 |
| 040 | |aCaOODSP|bfre |
| 043 | |an-cn--- |
| 086 | 1 |aH113-7/2005-2F |
| 110 | 1 |aCanada.|bSanté Canada. |bAgence de réglementation de la lutte antiparasitaire. |
| 245 | 10|aMésotrione herbicide callisto 480SC |
| 260 | |bSanté Canada. |c2005. |
| 300 | |a158p. : |bréférences, tableaux ; |c28 cm. |
| 490 | 1 |aNote réglementaire |vREG2005-02 |
| 520 | 3 |aCette note réglementaire présente un sommaire des données examinées et expose les raisons qui justifient la décision réglementaire touchant ces produits. |
| 563 | |aPolycopié |
| 590 | |a05-22|b2005-06-03 |
| 775 | 08|tMesotrione Callisto 480SC herbicide |w(CaOODSP)9.617319 |
| 776 | 0#|tMésotrione herbicide callisto 480SC |w(CaOODSP)9.592165 |
| 830 | #0|aNote réglementaire ;|vREG2005-02|w(CaOODSP)9.513063 |